000 00754nam a2200205 a 4500
003 0
005 20250411122456.0
008 970101s19uu xx 00 eng d
050 _aPGS LC 3993
_b.M963 2004
100 _aMun, JaeHee K.
245 _aPerceptions of members on the Advance Learning Program (ALP) /
_cJaeHee K. Mun.
260 _aLas PiƱas City, Philippines :
_bSouthville International School and Colleges,
_c2004.
300 _a24 pages :
_bcolored illustrations ;
_c28 cm.
504 _aIncludes bibliographical references.
650 _aGifted children
_vEducation.
650 _aGifted children
_vAccelerated programs.
650 _aGifted children
_vAttitudes.
650 _aGifted children
_vPerceptions.
942 _2lcc
_cPASS
999 _c97031
_d97031